000 00686nam a2200289Ia 4500
005 20260324120435.0
008 008 260324s9999 xx 000 0 eng d
020 _a9781315124605
037 _aEBOOK
040 _aCRL
040 _beng
040 _cCRL
041 _2eng
041 _aeng
084 _qCRL
100 _aRichard F. Hamilton
_91158582
245 0 _aMiseducating Americans
245 0 _bDistortions of Historical Understanding
260 _bTaylor and Francis
260 _c2015
365 _a
365 _b230
856 _uhttp://www.taylorfrancis.com/books/9781315124605
942 _cEBOOK
999 _c1750115
_d1750115